Why life speeds up as you get older : (Record no. 48188)

000 -LEADER
fixed length control field 01488cam a22003134a 4500
001 - CONTROL NUMBER
control field 13561406
003 - CONTROL NUMBER IDENTIFIER
control field Nust
005 - DATE AND TIME OF LATEST TRANSACTION
control field 20170111160508.0
008 - FIXED-LENGTH DATA ELEMENTS--GENERAL INFORMATION
fixed length control field 040416s2004 enka b 001 0 eng
010 ## - LIBRARY OF CONGRESS CONTROL NUMBER
LC control number 2004049441
020 ## - INTERNATIONAL STANDARD BOOK NUMBER
International Standard Book Number 9781107646261 (pbk)
040 ## - CATALOGING SOURCE
Original cataloging agency DLC
Transcribing agency DLC
Modifying agency DLC
041 1# - LANGUAGE CODE
Language code of text/sound track or separate title eng
Language code of original dut
042 ## - AUTHENTICATION CODE
Authentication code pcc
050 00 - LIBRARY OF CONGRESS CALL NUMBER
Classification number BF378.A87
Item number D7313 2004
082 00 - DEWEY DECIMAL CLASSIFICATION NUMBER
Classification number 153.13
Author Mark DRA
100 1# - MAIN ENTRY--PERSONAL NAME
Personal name Draaisma, D.
240 10 - UNIFORM TITLE
Uniform title Waarom het leven sneller gaat als je alder wordt.
Language of a work English
245 10 - TITLE STATEMENT
Title Why life speeds up as you get older :
Remainder of title how memory shapes our past /
Statement of responsibility, etc. Douwe Draaisma ; translated by Arnold and Erica Pomerans.
260 ## - PUBLICATION, DISTRIBUTION, ETC.
Place of publication, distribution, etc. Cambridge, UK ;
-- New York :
Name of publisher, distributor, etc. Cambridge University Press,
Date of publication, distribution, etc. 2004.
300 ## - PHYSICAL DESCRIPTION
Extent ix, 277 p. :
Other physical details ill. ;
Dimensions 24 cm.
504 ## - BIBLIOGRAPHY, ETC. NOTE
Bibliography, etc. note Includes bibliographical references and index.
650 #0 - SUBJECT ADDED ENTRY--TOPICAL TERM
Topical term or geographic name entry element Autobiographical memory.
856 41 - ELECTRONIC LOCATION AND ACCESS
Materials specified Table of contents
Uniform Resource Identifier <a href="http://www.loc.gov/catdir/toc/cam041/2004049441.html">http://www.loc.gov/catdir/toc/cam041/2004049441.html</a>
856 42 - ELECTRONIC LOCATION AND ACCESS
Materials specified Publisher description
Uniform Resource Identifier <a href="http://www.loc.gov/catdir/description/cam041/2004049441.html">http://www.loc.gov/catdir/description/cam041/2004049441.html</a>
856 42 - ELECTRONIC LOCATION AND ACCESS
Materials specified Contributor biographical information
Uniform Resource Identifier <a href="http://www.loc.gov/catdir/enhancements/fy0733/2004049441-b.html">http://www.loc.gov/catdir/enhancements/fy0733/2004049441-b.html</a>
906 ## - LOCAL DATA ELEMENT F, LDF (RLIN)
a 7
b cbc
c orignew
d 1
e ocip
f 20
g y-gencatlg
942 ## - ADDED ENTRY ELEMENTS (KOHA)
Source of classification or shelving scheme
Koha item type Book
Holdings
Withdrawn status Lost status Source of classification or shelving scheme Damaged status Not for loan Permanent Location Current Location Shelving location Date acquired Total Checkouts Total Renewals Full call number Barcode Date last seen Date last checked out Copy number Price effective from Koha item type
          Central Library (CL) Central Library (CL) Book Cart 01/11/2017 1 1 153.13 DRA CL3034 01/31/2023 04/23/2018 1 01/11/2017 Book
© 2023 Central Library, National University of Sciences and Technology. All Rights Reserved.